00293nam a2200109 a 4500008004100000020001500041050001600056245004500072260004000117300001700157350000900174120416s1972 ||||||||||||||||| || u a070640078X aHE 1021 TRA00aTrains around the worldcBrian Haresnape aLondonbOctopus Books Limitedc1972 a162p. : ill. a0.00